داستان اميرحمزا (Record no. 608115)
[ view plain ]
| 000 -LEADER | |
|---|---|
| fixed length control field | 00695nam a2200205 a 4500 |
| 003 - CONTROL NUMBER IDENTIFIER | |
| control field | OSt |
| 005 - DATE AND TIME OF LATEST TRANSACTION | |
| control field | 20240226093634.0 |
| 008 - FIXED-LENGTH DATA ELEMENTS--GENERAL INFORMATION | |
| fixed length control field | 180308t2012 pk | |||| 00| 0 urd d |
| 020 ## - INTERNATIONAL STANDARD BOOK NUMBER | |
| International Standard Book Number | 9780199407293 |
| 040 ## - CATALOGING SOURCE | |
| Transcribing agency | 0 |
| 082 ## - DEWEY DECIMAL CLASSIFICATION NUMBER | |
| Classification number | 891.55301 |
| Author Mark | LAK 2012 |
| 100 10 - MAIN ENTRY--PERSONAL NAME | |
| Personal name | لکھنوی،مرزاامان علی خاں غالب |
| 9 (RLIN) | 121270 |
| 245 10 - TITLE STATEMENT | |
| Title | داستان اميرحمزا |
| Statement of responsibility, etc. | Nawab Mirza Aman Ali Khan Laknaw |
| 246 ## - VARYING FORM OF TITLE | |
| Title proper/short title | Dastan E Amir Hamza |
| 260 ## - PUBLICATION, DISTRIBUTION, ETC. | |
| Place of publication, distribution, etc. | Karachi: |
| Name of publisher, distributor, etc. | Oxford University Press; |
| Date of publication, distribution, etc. | 2012. |
| 300 ## - PHYSICAL DESCRIPTION | |
| Extent | 533 p. |
| 650 ## - SUBJECT ADDED ENTRY--TOPICAL TERM | |
| Topical term or geographic name entry element | persian short stories |
| 9 (RLIN) | 121271 |
| 942 ## - ADDED ENTRY ELEMENTS (KOHA) | |
| Source of classification or shelving scheme | |
| Koha item type | Book |
| Institution code [OBSOLETE] | SADA |
| Call number prefix | 891.55301 LAK 2012 |
| Withdrawn status | Lost status | Source of classification or shelving scheme | Damaged status | Not for loan | Permanent Location | Current Location | Date acquired | Source of acquisition | Total Checkouts | Full call number | Barcode | Date last seen | Cost, replacement price | Price effective from | Koha item type |
|---|---|---|---|---|---|---|---|---|---|---|---|---|---|---|---|
| School of Art Design and Architecture (SADA) | School of Art Design and Architecture (SADA) | 02/09/2018 | Donation | 891.55301 LAK 2012 | SADAD0000228 | 02/26/2024 | 699.50 | 02/26/2024 | Book |
